000 00608nam a2200181Ia 4500
008 100920s9999 xx 000 0 und d
082 _b94306
_a24 न 06
100 _aअष्टीकर मंदाकिनी.
245 _aसंपला गंध सुगंधाचा.
260 _bनिशीगंधा, पुणे.
_c2006
300 _a176
_bसाधी
365 _b177
520 _aसायो.
630 _aसंपला गंध सुगंधाचा.
650 _aसायो.
730 _aसंपला गंध सुगंधाचा.
942 _cBOOK
999 _c734749
_d734746